| 000 | 00853nam a2200265 a 4500 | ||
|---|---|---|---|
| 008 | |||
| 020 | _a9781108426169 (hardback) | ||
| 040 |
_aNUST _cNUST |
||
| 049 | _aMAIN | ||
| 090 |
_aHN18.3 _bCAM |
||
| 245 | 1 | 0 |
_aThe Cambridge handbook of social problems volume 1/ _cedited by A Javier Trevino. |
| 260 |
_aCambridge : _bCambridge University Press, _c2018. |
||
| 300 |
_axii, 583 pages: _billustrations ; _c27 cm. |
||
| 336 |
_atext _btxt _2rdacontent |
||
| 337 |
_aunmediated _bn _2rdamedia |
||
| 338 |
_avolume _bnc _2rdacarrier |
||
| 500 | _aIncludes index. | ||
| 504 | _aIncludes bibliographical references. | ||
| 650 | 1 | _aSocial problems. | |
| 700 |
_aTrevino, A Javier., _aeditor. |
||
| 907 |
_a.b10405860 _b21-06-21 _c21-06-21 |
||
| 003 | |||
| 005 | 20230123141207.0 | ||
| 942 |
_cBOOKS _kHN18.3 _mCAM |
||
| 999 |
_c169289 _d169289 |
||